[Event "Salsomaggiore Terme op 5th"]
[Site "Salsomaggiore Terme"]
[Date "2001.05.??"]
[Round "4"]
[White "Miatello, Alberto"]
[Black "Di Pancrazio, Luciano"]
[Result "0-1"]
[WhiteElo "1869"]
[BlackElo "1935"]
[PlyCount "46"]
[EventDate "2001.05.??"]
[EventType "swiss"]
[EventRounds "6"]
[EventCountry "ITA"]
[SourceTitle "EXT 2024"]
[Source "ChessBase"]
[SourceDate "2023.10.10"]
[SourceVersion "1"]
[SourceVersionDate "2023.10.10"]
[SourceQuality "1"]

1. e4 e5 2. Nf3 Nc6 3. Be2 Nf6 4. d4 exd4 5. e5 Ng8 6. 0-0 Nge7 7. Bb5 Ng6 8. Bxc6 bxc6 9. Qxd4 Bb7 10. Bg5 Be7 11. Bxe7 Qxe7 12. Re1 c5 13. Qc3 0-0 14. Nbd2 Rab8 15. Ne4 Bxe4 16. Rxe4 d5 17. Ree1 Rb6 18. Rab1 Rfb8 19. b3 h6 20. Rbd1 d4 21. Qd3 Qe6 22. c3 Nf4 23. Qe4 Nd5 0-1